Cities with Skyscraper - Sudden Death - Statistics

General Stats
  • This quiz has been taken 863 times
  • The average score is 4 of 20
Answers on the Grid
Answers color-coded by a green-red scale on the quiz's grid according to % correct below.
Abidjan
Ahmedabad
Astana
Baghdad
Bandung
Barcelona
Belgrade
Belo Horizonte
Busan
Chittagong
Hong Kong
Islamabad
Johannesburg
Kabul
Khartoum
Kinshasa
La Paz
Lagos
Lahore
Lisbon
Makkah
Miami
Perth
Phoenix
Rabat
Reykjavik
Vancouver
Vladivostok
Wellington
Yangon
 
Answer Stats
Answer % Correct
Hong Kong
68%
Miami
54%
Johannesburg
41%
Vancouver
41%
Barcelona
38%
Busan
29%
Perth
29%
Astana
19%
Lagos
18%
Baghdad
13%
Belgrade
13%
Wellington
13%
Lisbon
12%
Islamabad
11%
Makkah
9%
La Paz
6%
Kabul
4%
Rabat
4%
Vladivostok
4%
Reykjavik
2%
No matching quizzes found
Score Distribution
Percent of People with Each Score
Percentile by Number Answered
Your Score History
You have not taken this quiz